Welcome to WEB OPAC of MRSPTU Central Library

Molecular reactions and photoChemistry (Record no. 106)

MARC details
000 -LEADER
fixed length control field 00368nam a2200145Ia 4500
008 - FIXED-LENGTH DATA ELEMENTS--GENERAL INFORMATION
fixed length control field 230711s9999||||xx |||||||||||||| ||und||
041 ## - LANGUAGE CODE
Language code of text/sound track or separate title ENG
082 ## - DEWEY DECIMAL CLASSIFICATION NUMBER
Classification number 540
Item number DE-M
100 ## - MAIN ENTRY--PERSONAL NAME
Personal name Depuy,Charles H
245 #0 - TITLE STATEMENT
Title Molecular reactions and photoChemistry
250 ## - EDITION STATEMENT
Edition statement 1st Ed.
260 ## - PUBLICATION, DISTRIBUTION, ETC.
Date of publication, distribution, etc. 1989
Place of publication, distribution, etc. New Delhi
Name of publisher, distributor, etc. PHI Learning Private Limited
650 ## - SUBJECT ADDED ENTRY--TOPICAL TERM
Topical term or geographic name entry element Chemistry
942 ## - ADDED ENTRY ELEMENTS (KOHA)
Koha item type Book
Holdings
Withdrawn status Lost status Damaged status Not for loan Collection Home library Current library Date acquired Total checkouts Full call number Barcode Date last seen Price effective from Koha item type Date last checked out
          MRSPTU Central Library MRSPTU Central Library     540 DE-M 676 08/17/2023 08/17/2023 Book  
          MRSPTU Central Library MRSPTU Central Library     540 DE-M 677 08/17/2023 08/17/2023 Book  
          MRSPTU Central Library MRSPTU Central Library   1 621 DE-M 4431 02/13/2025 08/17/2023 Book 02/07/2025
          MRSPTU Central Library MRSPTU Central Library     621 DE-M 4432 08/17/2023 08/17/2023 Book  
          MRSPTU Central Library MRSPTU Central Library     540 DE-M PBB676 08/17/2023 08/17/2023 Book  
          MRSPTU Central Library MRSPTU Central Library     540 DE-M PBB677 08/17/2023 08/17/2023 Book  

Website Designed and Developed by MRSPTU Central Library Team

E-mail Id: librarian@mrsptu.ac.in